[Event "Hamburg-chA"]
[Site "Hamburg"]
[Date "2017.06.05"]
[Round "3"]
[White "Sohrabi, Mershad"]
[Black "Meyer, Michael M"]
[Result "1-0"]
[WhiteElo "1586"]
[BlackElo "1723"]
[PlyCount "65"]
[EventDate "2017.06.03"]
[EventType "swiss"]
[EventRounds "7"]
[EventCountry "GER"]
[SourceTitle "CBM 179 Extra"]
[Source "ChessBase"]
[SourceDate "2017.08.23"]
[SourceVersion "1"]
[SourceVersionDate "2017.08.23"]
[SourceQuality "1"]

1. e4 c5 2. Nf3 Nc6 3. d4 cxd4 4. Nxd4 d6 5. c4 Nf6 6. Nc3 g6 7. Be2 Bg7 8. Be3 0-0 9. 0-0 Bd7 10. Qd2 Ng4 11. Bxg4 Bxg4 12. Nxc6 bxc6 13. Bh6 Qb6 14. Bxg7 Kxg7 15. Kh1 Rab8 16. b3 Kg8 17. Qg5 Qd4 18. Rac1 Be6 19. Qxe7 Rfe8 20. Qg5 Rbd8 21. f4 Qg7 22. Qa5 f5 23. Rce1 Qd7 24. Rd1 Qb7 25. e5 d5 26. Na4 Qa8 27. Nc5 Kf7 28. cxd5 Bxd5 29. e6+ Bxe6 30. Nxe6 Rxd1 31. Ng5+ Kg8 32. Rxd1 c5 33. Qc7 1-0